Finish the Willy Wonka Quote Quiz Stats

 Plays Quiz Updated Mar 2, 2020

Support Sporcle.
Go Orange.
Score 0/10 Timer 05:00
1 Play Today
Quote End of Quote % Correct
Parting is such......sweet sorrow.
81.8%
Candy is dandy......but liquor is quicker.
77.6%
We are the music-makers, and......we are the dreamers of dreams.
35.6%
The suspense is terrible......I hope it'll last.
31.9%
You should open your mouth a little wider......when you speak.
28.3%
A thing of beauty is......a joy forever
22%
So shines a good deed......in a weary world.
19.9%
A little nonsense now and then......is relished by the wisest men.
14.9%
Swifter than eagles......Stronger than lions!
11.4%
Oh, you should never, never doubt......what nobody is sure about.
9.8%

You're not logged in!

Compare scores with friends on all Sporcle quizzes.
OR
Log In

From the Vault

'Of' Songs

by midlifecrisis

Everyone likes a good 'Of' love.
Remove Ads.
Support Sporcle.
Get the best of Sporcle when you Go Orange. This ad-free experience offers more features, more stats, and more fun while also helping to support Sporcle. Thank you for becoming a member.

Show Comments

Extras

Top Quizzes Today


Score Distribution

Your Account Isn't Verified!

In order to create a playlist on Sporcle, you need to verify the email address you used during registration. Go to your Sporcle Settings to finish the process.

Report this User

Report this user for behavior that violates our Community Guidelines.

Details: